01308nam a2200337Ia 4500001000800000003000500008005001700013008004100030010001100071020001800082040000900100082002100109100004600130245018400176250002700360260003800387300001100425503001300436504003100449650003100480650002600511700004300537700004400580700004000624901002100664902000600685905006300691942001500754999001900769952018200788dia_907CHAP20230116141758.0220117s1995 xx 000 0 und d a171455 a84-7114-536-7 cCHAP a333.714 C66 1995 aConesa Fernández-Vitora, Vicente926385 aGuía metodológica para la evaluación del impacto ambiental /c Vicente Conesa Fdez.-Vitora ; colaboración Vicente Ros Garro, Vicente Conesa Ripoll y Luis A. Conesa Ripoll a2a ed. rev. y ampliada aEspaña :b Mundi-Prensa,c1995 a309 p. a1.180195 aBibliografía: p. 385-390 aImpacto ambiental 957465 aMedio ambiente974065 aConesa Ripoll, Luis A., colab.9149501 aConesa Ripoll, Vicente, colab. 9149502 aRos Garro, Vicente, colab. 9149503 a333.714 C66 1995 aM a0000001995 SP mn 0000000000SPA00 cLIBRO2ddc c171455d171455 00102ddc4051708GRALaIA_bIA_d1995-10-03eCompra Librería Patena F. 937 / R. (03/10/1995)g146.00i180195l0o333.714 C66 1995pdia_005026r2022-01-18 00:00:00t1yLIBRO